000 00445nam a2200193Ia 4500
005 20250603145847.0
008 250603s9999 xx 000 0 und d
020 _a9780133022933
050 _aHB 171 .M55/
100 _aMiller, Roger LeRoy
245 4 _aThe economics of public issues
250 _a18th ed.
260 _aNew Jersey
260 _bPearson
260 _c2014
300 _a244 p
650 _aNew Jersey
942 _cBK
999 _c43072
_d43072